Tilastot visalle 10 valtiota, joilla on eniten tulivuoria

Klikkaa tästä pelataksesi tätä visaa!

Yleistilastot

  • Tätä visaa on pelattu 1 439 kertaa
  • Keskiarvotulos 6 / 10

Vastaustilastot

#Valtio% Oikein
76Yhdysvallat
86%
27Islanti
84%
62Japani
82%
79Indonesia
75%
60Venäjä
73%
45Chile
62%
22Filippiinit
59%
22Papua-Uusi-Guinea
35%
23Ecuador
24%
19Portugali
16%

Tulosjakauma

Persentiili vastausten määrän mukaan

Jokaisen tuloksen saaneiden osuus

Tuloshistoriasi

Et ole pelannut tätä visaa